Le chretién et l'angoisse /

Von Balthasar plantea desde la antropología teológica su estudio El cristiano y la angustia (1959), como punto de partida de la reflexión ontológica del ser humano. Relaciona por analogía la angustia ontológica y la teológica para concluir que ésta es la nada que existe entre el ser y el ente, entre...

Descrición completa

Gardado en:
Detalles Bibliográficos
Autor Principal: Balthasar, Hans Urs von (autor)
Formato: Libro
Idioma:francés
Publicado: Brujas, Bélgica : Desclée de Brouwer, 1954, c1954
Series:(Présence Chrétienne)
Temas:
Etiquetas: Engadir etiqueta
Sen Etiquetas, Sexa o primeiro en etiquetar este rexistro!

MARC

LEADER 00000nam^a2200000^a^4500
001 000392781
005 20250521000000.0
009 20260310121250.843
025 |a Donación Ignacio González Luna, 1 ejemplar 
037 |a Acervo ITESO - Biblioteca 
041 |a FRA 
082 |a 230.  |b BAL OBR CRI 
100 |a Balthasar, Hans Urs von  |e (autor) 
240 1 4 |a [El cristiano y la angustia] 
245 1 3 |a Le chretién et l'angoisse /  |c H.U. von Balthasar ; tr. por Claire Champollion. 
264 4 |a Brujas, Bélgica :  |b Desclée de Brouwer,  |c 1954, c1954 
300 |a 155 p. 
336 |a texto  |b txt  |2 rdacontenido 
337 |a sin mediación  |b n  |2 rdamedio 
338 |a volumen  |b nc  |2 rdasoporte 
440 1 |a (Présence Chrétienne) 
500 |a Traducción de: Der Christ und die Angst 
520 |a Von Balthasar plantea desde la antropología teológica su estudio El cristiano y la angustia (1959), como punto de partida de la reflexión ontológica del ser humano. Relaciona por analogía la angustia ontológica y la teológica para concluir que ésta es la nada que existe entre el ser y el ente, entre Dios y la persona, y constituye la libertad del ente creado. Sus reflexiones tienen como sustento los aportes de Kierkegaard en su libro El concepto de la angustia. 
545 0 |a Hans Urs von Balthasar (Lucerna, 1905 – Basilea, 1988), teólogo católico suizo, uno de los exponentes más relevantes de esa disciplina en el siglo XX. Estudió Literatura Alemana y fue miembro de la Compañía de Jesús (1929-50), orden donde cursó Filosofía en Pullach, cerca de Munich, y Teología en Lyon. Creó, junto con su amiga médica y mística Adrienne von Speyr, el instituto secular Comunidad de San Juan (1945). La incompatibilidad entre la gestión de la Comunidad y la pertenencia a la Compañía le orillaron a dejar la orden. Desprovisto de una función en la estructura eclesiástica, las autoridades religiosas le prohibieron dar clases e incluso no fue invitado al Concilio Vaticano II, pero su reputación sólo creció con el paso de los años. Fundó en 1972 la revista Communio con Henri de Lubac y Joseph Ratzinger y fue traductor de Charles Péguy, Paul Claudel y Georges Bernanos al alemán. Reconocido con los premios Romano Guardini (1970), Gottfried Keller (1975) y Paulo VI (1984), falleció poco antes de la ceremonia donde sería investido cardenal. Autor prolífico y de gran erudición y profundidad, entre su amplia bibliografía figuran Teología de la historia (1959) y las series Ensayos teológicos (1960-86), Gloria: una estética teológica (1961-69) y Teodramática (1971-83). Von Balthasar restituye –particularmente en Gloria- el lugar que la belleza y el punto de vista estético ocupan como elementos trascendentales de la teología cristiana, al lado de la verdad y la lógica y el bien y la ética. La producción intelectual del suizo refleja una búsqueda permanente de evitar el peligro de confinar a Dios en una trascendencia inaccesible, pero también los riesgos de implicarle en la historicidad del mundo a tal grado que la teología se transforme en antropología. 
561 |a Ex libris de Ignacio González Luna 
649 |a XX 
650 |a Filósofos Daneses 
650 |a Hombre (Teología) 
650 |a Iglesia Católica 
650 |a Angustia (Filosofía) -  |x Tema Principal 
650 |a Existencialismo Cristiano -  |x Historia y Crítica 
650 |a Existencialismo -  |x Historia y Crítica 
650 |a Filosofía del Siglo XIX -  |x Historia y Crítica 
650 |a Filosofía Danesa -  |x Historia y Crítica 
650 |a Teología Filosófica 
650 |a Catolicismo 
650 |a Cristianismo 
650 |a Filosofía y Religión 
650 |a Kierkegaard, Sören 
910 |a Fondo Ignacio González Luna Morfín 
920 |a Impresos - Libros 
930 |a Fondos Especiales 
905 |a 136 
901 |a 0500287701  |b IT2  |c ESP  |i D73876  |u 20250521 
902 |a https://opac.biblio.iteso.mx/vufind/Record/000392781